000 00538nam a2200193 4500
003 OSt
005 20260530113905.0
008 260509b2007 |||a|||| |||| 001 0 eng d
040 _aICI
_bspa
_cICI
050 _aNK1510
_b.C66
100 1 _aIDSA
_932710
245 1 0 _aConnecting:
_bICSID/IDSA San Francisco 2007
264 1 _bIDSA - ICSID San Francisco
_c2007
_aEstados Unidos de América
300 _a68 páginas
336 _atexto
_2rdacontent
337 _asin medio
_2rdamedia
338 _avolumen
_2rdacarrier
942 _2lcc
_cBK
_n1
999 _c11917
_d11917